|
|
|
|
| LEADER |
00000cam a2200000 a 4500 |
| 001 |
vtls001208130 |
| 003 |
SK-MaSNL |
| 005 |
20260301092320.0 |
| 008 |
160610s1991 xo l g c 00000dslo |
| 035 |
|
|
|a SNK000151200
|
| 035 |
|
|
|a urn:nbn:sk:snk-amkvb5
|
| 035 |
|
|
|a urn:nbn:sk:snk-am003xft
|
| 035 |
|
|
|a A0DFE7E0-AAAA-4D5F-AEE9-EA509DA7BC2B
|
| 040 |
|
|
|a SNK
|b slo
|c SNK
|e AACR2
|
| 041 |
0 |
|
|a slo
|a ger
|
| 043 |
|
|
|a e-xo---
|
| 044 |
|
|
|a xo
|c SK
|
| 072 |
|
7 |
|a 72
|x Architektúra
|2 konspekt
|
| 080 |
|
|
|a 72(437.6)
|2 2001
|
| 080 |
|
|
|a 7.035
|2 2001
|
| 080 |
|
|
|a 72.036.3
|2 2001
|
| 080 |
|
|
|a 72.036/.038
|2 2001
|
| 080 |
|
|
|a 72.012.2
|2 2001
|
| 080 |
|
|
|a (437.6)
|2 2001
|
| 080 |
|
|
|a (083.824)
|2 2001
|
| 100 |
1 |
|
|a Zajková, Anna
|4 aut
|4 ccp
|9 422966
|
| 245 |
1 |
0 |
|a Milan Michal Harminc
|b 1869-1964 : výber z autorskej grafickej dokumentácie architektonického diela : Slovenská národná galéria, Bratislava, Rázusovo nábrežie, marec-apríl 1991
|c [príprava a spracovanie diela Anna Zajková, Mária Štibrányová ; grafický dizajn katalógu, plagátu a pozvánky Ján Kodoň ; fotografie Anna Mičuchová]
|
| 246 |
3 |
0 |
|a Výber z autorskej grafickej dokumentácie architektonického diela
|
| 246 |
1 |
0 |
|a Výber z autorskej grafickej dokumentácie architektonického diela 1869-1964
|
| 260 |
|
|
|a Bratislava
|b s.n.
|c 1991
|
| 300 |
|
|
|a [38] s.
|b fotogr.
|c 30 cm
|
| 500 |
|
|
|a Usporiadala Galéria architektúry, užitého umenia a dizajnu SNG Bratislava
|
| 500 |
|
|
|a Životopisné dáta, prehľad architektonického diela
|
| 546 |
|
|
|a Súbežný text nem.
|
| 600 |
1 |
7 |
|a Harminc, Milan Michal,
|d 1869-1964
|2 SNKMA
|9 145607
|
| 648 |
|
7 |
|a 1869-1964
|2 SNKPH
|9 422967
|
| 648 |
|
7 |
|a 19.-20. stor.
|2 SNKPH
|9 268609
|
| 650 |
0 |
7 |
|a slovenská architektúra
|2 SNKPH
|9 2967
|
| 650 |
0 |
7 |
|a historizmus (umenie)
|2 SNKPH
|9 78690
|
| 650 |
0 |
7 |
|a funkcionalizmus (architektúra)
|2 SNKPH
|9 88878
|
| 650 |
0 |
7 |
|a moderná architektúra
|2 SNKPH
|9 68287
|
| 650 |
0 |
7 |
|a architektonické projekty
|2 SNKPH
|9 2951
|
| 651 |
|
7 |
|a Slovensko
|2 SNKPH
|
| 655 |
|
7 |
|a katalógy výstav
|2 SNKPH
|9 70445
|
| 700 |
1 |
|
|a Kodoň, Ján,
|d 1958-
|4 bkd
|9 422968
|
| 700 |
1 |
|
|a Mičuchová, Anna
|4 pht
|9 45717
|
| 700 |
1 |
|
|a Štibrányová, Mária
|4 aut
|9 422969
|
| 710 |
2 |
|
|a Slovenská národná galéria.
|b Galéria architektúry, užitého umenia a dizajnu
|4 orm
|9 422970
|
| 958 |
|
|
|a BX
|
| 999 |
|
|
|c 673621
|d 675551
|
| 952 |
|
|
|t P60, <04>, [BOOK], {604}
|a SNK
|b SNK
|y VYP
|7 0
|p 17A0104048
|o snkOSB 9073 D1
|0 0
|1 0
|4 0
|d 1997-10-25
|l 1
|r 2026-03-25 11:03:31
|s 2026-03-23
|w 2026-02-23
|
| 952 |
|
|
|t P60, <03>, [BOOK], {603}
|a SNK
|b SNK
|y PREZ
|7 0
|p 17A0386619
|o snkOSB 9073
|i snkKSP 9652/91
|0 0
|1 0
|4 0
|d 2003-06-12
|l 0
|r 2005-01-01 00:00:00
|w 2026-02-23
|